| 000 | 00695cam a2200193 i 4500 | ||
|---|---|---|---|
| 003 | IT-RoINE | ||
| 005 | 20200304100940.0 | ||
| 008 | 010710s1924 sp r |bspa d | ||
| 040 |
_aSpMaBN _cCDM IT-RoINE _dIT-RoINE |
||
| 100 | 1 |
_aCabello Lapiedra, Xavier, _dn. 1866 _967083 |
|
| 245 | 1 | 0 |
_aPontevedra, cuna de Colón / _cconferencia pronunciada en la Unión Ibero Americana por Xavier Cabello Lapiedra, el 6 de febrero de 1924. |
| 260 |
_aMadrid : _bUnión Ibero americana, _c1924. |
||
| 300 |
_a30 p. ; _c25 cm. |
||
| 336 |
_2rdacontent _atext |
||
| 337 |
_2rdamedia _aunmediated |
||
| 338 |
_2rdacarrier _avolume |
||
| 600 | 1 | 4 |
_aColón, Cristóbal, _91104 _d1451-1506 _xBiografía |
| 942 | _cMTS | ||
| 999 |
_c34066 _d34066 |
||